Meditaciones y otros poemas / (Record no. 62637)

MARC details
000 -LEADER
campo de control de longitud fija 00780nam a2200217 i 4500
001 - NÚMERO DE CONTROL
campo de control 62637
003 - IDENTIFICADOR DE NÚMERO DE CONTROL
campo de control ES-MaACL
005 - FECHA Y HORA DE LA ÚLTIMA TRANSACCIÓN
campo de control 20230906164714.0
007 - CAMPO FIJO DE DESCRIPCIÓN FÍSICA--INFORMACIÓN GENERAL
campo de control de longitud fija t|
008 - DATOS DE LONGITUD FIJA--INFORMACIÓN GENERAL
campo de control de longitud fija 031124s1914 sp ||||1| spa d
080 ## - NÚMERO DE LA CLASIFICACIÓN DECIMAL UNIVERSAL
Número de la Clasificación Decimal Universal 821.134.2-14"19"
100 1# - ENTRADA PRINCIPAL--NOMBRE DE PERSONA
Nombre de persona Fernández Ardavín, Luis,
Fechas asociadas al nombre 1891-1962
9 (RLIN) 49469
245 10 - MENCIÓN DEL TÍTULO
Título Meditaciones y otros poemas /
Mención de responsabilidad, etc. Luis Fernández Ardavin ; prólogo de Enrique Díez Canedo ; óleos de César Fernández Ardavín.
260 ## - PUBLICACIÓN, DISTRIBUCIÓN, ETC.
Lugar de publicación, distribución, etc. [Madrid :
Nombre del editor, distribuidor, etc. s.n.,
Fecha de publicación, distribución, etc. 1914] (
Fabricante Progreso Tipográfico)
300 ## - DESCRIPCIÓN FÍSICA
Extensión 190 p., [4 ] h. de lám. col. ;
Dimensiones 20 cm.
700 1# - ENTRADA AGREGADA--NOMBRE PERSONAL
Nombre de persona Díez-Canedo, Enrique,
Fechas asociadas al nombre 1879-1944
9 (RLIN) 44685
700 1# - ENTRADA AGREGADA--NOMBRE PERSONAL
Nombre de persona Fernández Ardavín, César,
Fechas asociadas al nombre 1923-2012
9 (RLIN) 141198
852 ## - LOCALIZACIÓN
Ubicación ES-MaACL
Número de control de estantería D-1231
852 ## - LOCALIZACIÓN
Ubicación ES-MaACL
Número de control de estantería F-4928
Holdings
Estatus retirado Estado de pérdida Estado de daño No para préstamo Biblioteca de origen Biblioteca actual Ubicación en estantería Fecha de adquisición Fuente de adquisición Total de préstamos Signatura topográfica completa Código de barras Visto por última vez Precio de reemplazo Tipo de ítem Koha
        Biblioteca del Ateneo de Madrid Biblioteca del Ateneo de Madrid Depósito 2 17/01/2008     F-4928 1065667 23/02/2023 23/02/2023 Libro impreso
        Biblioteca del Ateneo de Madrid Biblioteca del Ateneo de Madrid Sala Valle Inclán 17/01/2008     D-1231 901065666 23/02/2023 23/02/2023 Libro impreso